<La> philosophie économique

Na minha lista:
Detalhes bibliográficos
Autor principal: Leroux, Alain
Outros Autores: Marciano, Alain
Formato: Livro
Idioma:francês
Publicado em: Paris Presses Universitaires de France 1998
Colecção:Que sais - je ? 3361
Assuntos:
Tags: Adicionar Tag
Sem tags, seja o primeiro a adicionar uma tag!

MARC

LEADER 00000nam$a2200000$$$4500
001 0115584
005 20240111125208.1
020 |a 2-13-049104-9 
041 0 |a fre 
044 |a FR 
245 1 0 |a <La> philosophie économique  |c Alain Leroux, Alain Marciano 
264 1 |a Paris  |b Presses Universitaires de France  |c 1998 
300 |a 126 s. 
490 1 |a Que sais - je ?  |v 3361 
830 0 |a Que sais - je ?  |v 3361 
610 2 0 |a ekonómia 
610 2 0 |a teórie ekonomické 
610 2 0 |a veda ekonomická 
100 1 |a Leroux, Alain 
700 1 |a Marciano, Alain